| 000 | 00691nam a2200181 4500 | ||
|---|---|---|---|
| 008 | 171121b xxu||||| |||| 00| 0 eng d | ||
| 020 | _a0135977471 | ||
| 082 |
_21987 _aDC 658.87 _bM82 |
||
| 100 |
_923573 _aMorgenstein, Melvin, author. |
||
| 245 |
_aModern retailing : _bmanagement principles and practices / _cMelvin Morgenstein, Harriet Strongin. |
||
| 250 | _aSecond edition. | ||
| 260 |
_aEnglewood Cliffs, NJ : _bPrentice-Hall, _c©1987. |
||
| 300 |
_axv, 604 pages, [8] pages of plates : _billustrations (some colored) ; _c25 cm. |
||
| 500 | _aIncludes bibliographies and index. | ||
| 650 | 0 |
_923574 _aRetail trade. |
|
| 700 |
_923575 _aStrongin, Harriet, author. |
||
| 942 |
_2ddc _cDC |
||
| 999 |
_c7805 _d7805 |
||